[Event "Schweinfurt op 23rd"]
[Site "Schweinfurt"]
[Date "2013.06.02"]
[Round "6"]
[White "Raaber, Arthur"]
[Black "Herda, Christoph"]
[Result "0-1"]
[WhiteElo "1605"]
[BlackElo "1917"]
[PlyCount "90"]
[EventDate "2013.05.30"]
[EventType "swiss"]
[EventRounds "7"]
[EventCountry "GER"]
[SourceTitle "CBM 154 Extra"]
[Source "ChessBase"]
[SourceDate "2013.06.25"]
[SourceVersion "2"]
[SourceVersionDate "2013.06.25"]
[SourceQuality "1"]

1. d4 Nf6 2. c4 c5 3. d5 b5 4. b3 bxc4 5. bxc4 g6 6. Bb2 Bg7 7. Nc3 Qa5 8. Qc2 d6 9. f3 0-0 10. e3 Nbd7 11. Qa4 Qxa4 12. Nxa4 Ba6 13. Rc1 Rab8 14. Ba1 Rb4 15. Nb2 Nxd5 16. cxd5 Bxf1 17. Kxf1 Bxb2 18. Bxb2 Rxb2 19. Ra1 Rfb8 20. g4 Rb1+ 21. Rxb1 Rxb1+ 22. Kg2 Rb2+ 23. Kg3 Rxa2 24. Nh3 Nb6 25. e4 c4 26. Nf2 e5 27. h4 h6 28. Rc1 Kf8 29. Nd1 Na4 30. Ne3 c3 31. Nd1 Ra3 32. Kf2 Nb2 33. Nxb2 cxb2 34. Rb1 Rb3 35. Ke2 Ke7 36. Kd2 Rxf3 37. Rxb2 Rf2+ 38. Kc3 Rxb2 39. Kxb2 g5 40. hxg5 hxg5 41. Kc3 a5 42. Kc4 f5 43. exf5 e4 44. Kd4 a4 45. Kxe4 a3 0-1

[Event "Unterfranken-ch HA 63th"]
[Site "Schweinfurt"]
[Date "2012.04.13"]
[Round "7"]
[White "Raaber, Arthur"]
[Black "Hegel, Pius"]
[Result "0-1"]
[WhiteElo "1591"]
[BlackElo "1647"]
[PlyCount "100"]
[EventDate "2012.04.09"]
[EventType "swiss"]
[EventRounds "9"]
[EventCountry "GER"]
[SourceTitle "EXT 2015"]
[Source "ChessBase"]
[SourceDate "2014.11.20"]
[SourceVersion "1"]
[SourceVersionDate "2014.11.20"]
[SourceQuality "1"]

1. d4 Nf6 2. c4 e6 3. Nf3 Bb4+ 4. Bd2 Nc6 5. a3 Bxd2+ 6. Qxd2 d5 7. cxd5 exd5 8. h3 0-0 9. Nc3 Bf5 10. e3 Re8 11. Bd3 Bxd3 12. Qxd3 Ne4 13. 0-0 a6 14. Nd2 f5 15. Rad1 Ne7 16. f3 Ng3 17. Rfe1 c6 18. e4 f4 19. Nf1 Qd6 20. Nxg3 fxg3 21. Ne2 Qg6 22. exd5 Qxd3 23. Rxd3 Nxd5 24. Kf1 Ne3+ 25. Kg1 Nc2 26. Kf1 Nxe1 27. Kxe1 h5 28. h4 Re6 29. Kf1 Rae8 30. Rd2 g6 31. Nxg3 Rd8 32. Ne4 Rd5 33. b4 Kf8 34. Kf2 Ke7 35. Nc5 Red6 36. Ke3 b6 37. Nxa6 Kd7 38. a4 Kc8 39. b5 c5 40. Rc2 Re6+ 41. Kf2 Rxd4 42. a5 Kb7 43. axb6 Kxb6 44. Rxc5 Rxh4 45. Rg5 Rc4 46. Kg3 h4+ 47. Kh3 Re1 48. Kh2 Rcc1 49. g4 Rc2+ 50. Kh3 Rh1# 0-1

[Event "Unterfranken-ch HA 63th"]
[Site "Schweinfurt"]
[Date "2012.04.11"]
[Round "5"]
[White "Raaber, Arthur"]
[Black "Hinterleitner, Gerhard"]
[Result "0-1"]
[WhiteElo "1591"]
[BlackElo "1756"]
[PlyCount "80"]
[EventDate "2012.04.09"]
[EventType "swiss"]
[EventRounds "9"]
[EventCountry "GER"]
[SourceTitle "EXT 2015"]
[Source "ChessBase"]
[SourceDate "2014.11.20"]
[SourceVersion "1"]
[SourceVersionDate "2014.11.20"]
[SourceQuality "1"]

1. d4 d5 2. c4 e6 3. Nc3 Nf6 4. Bg5 c6 5. e3 Nbd7 6. Nf3 Qa5 7. a3 Ne4 8. Qc2 Bb4 9. Rc1 Bxc3+ 10. bxc3 Qxa3 11. cxd5 exd5 12. Bd3 Nxg5 13. Nxg5 h6 14. Nf3 0-0 15. 0-0 Qd6 16. e4 dxe4 17. Bxe4 Nf6 18. Bd3 Qf4 19. Rfe1 Be6 20. Ne5 Ng4 21. g3 Qf6 22. Nc4 Bd5 23. Ne3 Nxe3 24. Rxe3 Rfe8 25. Rce1 Kf8 26. Qb2 Rxe3 27. Rxe3 b5 28. Qb4+ Kg8 29. c4 bxc4 30. Bxc4 Qxd4 31. Qb7 Qd1+ 32. Bf1 Rf8 33. Qxa7 Bc4 34. h4 Qxf1+ 35. Kh2 Bd5 36. f3 Bxf3 37. Rxf3 Qxf3 38. Qc5 Qf6 39. Kg2 Qe6 40. Qf2 Qd5+ 0-1

[Event "Schweinfurt op"]
[Site "Schweinfurt"]
[Date "2007.05.18"]
[Round "3"]
[White "Memmel, Guenther"]
[Black "Raaber, Arthur"]
[Result "1-0"]
[WhiteElo "1886"]
[BlackElo "1498"]
[PlyCount "39"]
[EventDate "2007.05.17"]
[EventType "swiss"]
[EventRounds "7"]
[EventCountry "GER"]
[SourceTitle "CBM 118 Extra"]
[Source "ChessBase"]
[SourceDate "2007.07.04"]
[SourceVersion "1"]
[SourceVersionDate "2007.07.04"]
[SourceQuality "1"]

1. e4 c6 2. d4 d5 3. Nc3 dxe4 4. Nxe4 Bf5 5. Ng3 Bg6 6. Nf3 h6 7. Ne5 Bh7 8. Bc4 e6 9. 0-0 Nf6 10. Qe2 Nbd7 11. Nxf7 Qe7 12. Nxh8 Nd5 13. Bd3 0-0-0 14. Bxh7 Qf6 15. c4 Ne7 16. Ne4 Qxd4 17. Nf7 Nf6 18. Nxd8 Kxd8 19. Rd1 Qxd1+ 20. Qxd1+ 1-0

[Event "Wuerzburg op Seniors 15th"]
[Site "Wuerzburg"]
[Date "2005.08.29"]
[Round "4"]
[White "Raaber, Arthur"]
[Black "Krausert, Helmut"]
[Result "0-1"]
[WhiteElo "1429"]
[BlackElo "1770"]
[PlyCount "110"]
[EventDate "2005.08.27"]
[EventType "swiss"]
[EventRounds "9"]
[EventCountry "GER"]
[SourceTitle "EXT 2007"]
[Source "ChessBase"]
[SourceDate "2006.11.23"]
[SourceVersion "1"]
[SourceVersionDate "2006.11.23"]
[SourceQuality "1"]

1. d4 Nf6 2. c4 d6 3. Nc3 g6 4. Bg5 Bg7 5. e4 c6 6. Bd3 Qc7 7. Nf3 Nbd7 8. 0-0 a6 9. Re1 e5 10. d5 h6 11. Be3 0-0 12. h3 cxd5 13. cxd5 Nc5 14. Bc2 a5 15. a3 Bd7 16. Na4 Nxa4 17. Bxa4 b5 18. Bc2 Qb7 19. b4 axb4 20. axb4 Rfc8 21. Rxa8 Qxa8 22. Qb1 Qa3 23. Rc1 Rc3 24. Ne1 Rxe3 25. fxe3 Qxe3+ 26. Kh2 Nh5 27. Bd1 Qg3+ 28. Kh1 Qxe1+ 29. Kh2 Qg3+ 30. Kh1 Nf4 31. Qc2 Bxh3 32. gxh3 Nxh3 33. Qg2 Qe1+ 34. Kh2 Nf4 35. Qc2 Qh4+ 36. Kg1 Qg3+ 37. Kh1 Nd3 38. Qc8+ Kh7 39. Rc2 Nf2+ 40. Rxf2 Qxf2 41. Qd7 Qe1+ 42. Kh2 Qxb4 43. Bg4 h5 44. Be6 f6 45. Bf7 Qc5 46. Qe8 Qf2+ 47. Kh1 Qf3+ 48. Kh2 Qxe4 49. Qxb5 Bh6 50. Bg8+ Kxg8 51. Qe8+ Bf8 52. Qe6+ Kg7 53. Qd7+ Kh6 54. Qd8 Kg5 55. Qxf8 Qxd5 0-1